NHL Starting goaltenders 2016-17 - Statistics

General Stats
  • This quiz has been taken 75 times
  • The average score is 18 of 30
Answer Stats
Team Goalie % Correct
Boston Bruins Tuukka Rask
88%
Montreal Canadiens Carey Price
83%
Nashville Predators Pekka Rinne
83%
Ottawa Senators Craig Anderson
81%
Anaheim Ducks John Gibson
81%
Washington Capitals Braden Holtby
78%
New York Rangers Henrik Lundqvist
76%
Arziona Coyotes Mike Smith
76%
Chicago Blackhawks Corey Crawford
73%
Columbus Blue Jackets Sergei Bobrovsky
73%
Pittsburgh Penguins Matt Murray
69%
Vancouver Canucks Ryan Miller
68%
Tampa Bay Lightning Andrei Vasilevskiy
64%
New Jersey Devils Cory Schneider
63%
Toronto Maple Leafs Frederik Andersen
63%
San Jose Sharks Martin Jones
61%
Edmonton Oilers Cam Talbot
59%
Carolina Hurricanes Cam Ward
59%
Minnesota Wild Devan Dubnyk
58%
St. Louis Blues Jake Allen
54%
Buffalo Sabres Robin Lehner
53%
Winnipeg Jets Connor Hellebuyck
51%
Dallas Stars Kari Lehtonen
49%
Calgary Flames Brian Elliott
41%
Philadelphia Flyers Steve Mason
41%
Florida Panthers James Reimer
39%
Detroit Red Wings Petr Mrazek
39%
New York Islanders Thomas Greiss
39%
Los Angeles Kings Peter Budaj
32%
Colorado Avalanche Calvin Pickard
22%
No matching quizzes found
Score Distribution
Percent of People with Each Score
Percentile by Number Answered
Your Score History
You have not taken this quiz